who did this - Brooklyn nine-nine - Statistics

General Stats
  • This quiz has been taken 381 times
  • The average score is 13 of 15
Answer Stats
Hint Answer % Correct
is the captain of the 99th precinct holt/captain raymond
100%
lives for the movie die hard jake
98%
made a lasagna with scully hitchcock
93%
who's wife and dog are named kelly scully
93%
is the captains husband kevin
92%
no one knows where she lives rosa
92%
who loves yogurt terry
92%
the dog who is the real fluffy boy cheddar
90%
the assistant who has a crush on terry and herself gina
90%
the man who steals pontiacs doug judy
89%
whos name can jake never get right nikolaj
89%
named her son mac amy
87%
the strange man who helps with the heists bill
87%
the most boring man alive teddy
78%
is jakes no.1 fan girl charles
44%
No matching quizzes found
Score Distribution
Percent of People with Each Score
Percentile by Number Answered
Your Score History
You have not taken this quiz